|
|
|
|
| LEADER |
00000nam a2200000 a 4500 |
| 001 |
vtls009191038 |
| 003 |
SK-MaSNL |
| 005 |
20260301104507.0 |
| 008 |
160610s2006 xr f n 100 0 cze |
| 015 |
|
|
|a SNBZSA2010-00396
|
| 020 |
|
|
|a 8070448431 (brož.)
|
| 035 |
|
|
|a F5B28ACD-62EB-4ED0-AE45-9A7B999F1379
|
| 035 |
|
|
|a urn:nbn:sk:snk-amkyfv
|
| 035 |
|
|
|a urn:nbn:sk:snk-am008q3m
|
| 040 |
|
|
|a SNK
|b slo
|c SNK
|e AACR2
|
| 041 |
0 |
|
|a cze
|a slo
|b ger
|
| 043 |
|
|
|a e-xr---
|a e-xo---
|
| 044 |
|
|
|a xr
|c CZ
|
| 072 |
|
7 |
|a 930
|x Historická veda. Pomocné vedy historické. Archívnictvo
|2 konspekt
|
| 072 |
|
7 |
|a 37.016
|x Učebné osnovy. Vyučovacie predmety. Učebnice
|2 konspekt
|
| 080 |
|
|
|a 930-027.541
|2 2001
|
| 080 |
|
|
|a 37.02
|2 2001
|
| 080 |
|
|
|a (062.534)
|2 2001
|
| 080 |
|
|
|a (437.1/.3)
|2 2001
|
| 080 |
|
|
|a (437.6)
|2 2001
|
| 080 |
|
|
|a 93/94
|2 2001
|
| 111 |
2 |
|
|a Regionální dějiny v dějepisném vyučování
|d (2005 :
|c Ústí nad Labem, Česko)
|9 443325
|
| 245 |
1 |
0 |
|a Regionální dějiny v dějepisném vyučování na českých a slovenských školách
|b sborník z konference konané 23.-24. listopadu 2005
|c pořadatelé: katedra historie ÚHS (FF) UJEP ... [et al.]
|
| 246 |
1 |
4 |
|a Regionální dějiny v dějepisném vyučování
|
| 260 |
|
|
|a Ústí nad Labem
|b Filozofická fakulta UJEP
|c 2006
|
| 300 |
|
|
|a 134 s.
|c 23 cm
|
| 504 |
|
|
|a Bibliogr. odkazy. Bibliogr.
|
| 546 |
|
|
|a Text čiast. slov.; res. nem.
|
| 650 |
0 |
7 |
|a regionálne dejiny
|2 SNKPH
|9 63645
|
| 650 |
0 |
7 |
|a didaktika dejepisu
|2 KUPH
|9 109915
|
| 650 |
0 |
7 |
|a didaktika dejepisu
|2 snkph
|9 109915
|
| 650 |
0 |
7 |
|a štúdium a výučba
|2 snkph
|9 3982
|
| 655 |
|
7 |
|a zborníky konferencií
|2 SNKPH
|9 70153
|
| 919 |
|
|
|a 80-7044-843-1
|
| 958 |
|
|
|a ZS
|
| 958 |
|
|
|a NB
|
| 958 |
|
|
|a CZ
|
| 958 |
|
|
|a OND
|
| 999 |
|
|
|c 698265
|d 700195
|
| 952 |
|
|
|a SNK
|b SNK
|y PREZ
|7 0
|p 17A0613924
|o snkSC 136402
|i snk2009/12105
|8 2
|g 3.74
|0 0
|1 0
|4 0
|d 2009-05-04
|f 1
|l 0
|r 2025-07-02 00:00:00
|w 2026-02-23
|